[Event "Russian Championship (Rapid, Men)"]
[Site "Sochi"]
[Date "2018.10.06"]
[Round "10.21"]
[White "Yuffa, Daniil"]
[Black "Smagin, Sergey"]
[Result "1/2-1/2"]
[BlackElo "2442"]
[WhiteElo "2625"]
[LiveChessVersion "1.4.8"]

1. d4 {[%clk 0:15:15]} d5 {[%clk 0:15:16]} 2. c4 {[%clk 0:15:24]} e6
{[%clk 0:15:25]} 3. Nf3 {[%clk 0:15:32]} Nd7 {[%clk 0:15:34]} 4. Nc3
{[%clk 0:15:12]} Ngf6 {[%clk 0:15:40]} 5. Bg5 {[%clk 0:15:21]} c6
{[%clk 0:15:48]} 6. e3 {[%clk 0:15:18]} Qa5 {[%clk 0:15:56]} 7. Nd2
{[%clk 0:15:21]} Bb4 {[%clk 0:15:50]} 8. Rc1 {[%clk 0:15:07]} Ne4
{[%clk 0:15:11]} 9. Ndxe4 {[%clk 0:14:36]} dxe4 {[%clk 0:15:19]} 10. Bf4
{[%clk 0:14:45]} Qxa2 {[%clk 0:14:26]} 11. Qc2 {[%clk 0:14:48]} e5
{[%clk 0:13:47]} 12. dxe5 {[%clk 0:14:31]} Nc5 {[%clk 0:12:29]} 13. Be2
{[%clk 0:13:35]} Na4 {[%clk 0:10:58]} 14. O-O {[%clk 0:09:39]} Nxc3
{[%clk 0:11:04]} 15. bxc3 {[%clk 0:09:25]} Qxc2 {[%clk 0:11:11]} 16. Rxc2
{[%clk 0:09:34]} Bc5 {[%clk 0:11:20]} 17. Ra1 {[%clk 0:09:21]} Be6
{[%clk 0:08:06]} 18. Rb2 {[%clk 0:08:16]} O-O-O {[%clk 0:08:06]} 19. Kf1
{[%clk 0:08:15]} h6 {[%clk 0:08:12]} 20. h4 {[%clk 0:07:44]} Rd7 {[%clk 0:07:57]}
21. h5 {[%clk 0:07:43]} g5 {[%clk 0:07:09]} 22. hxg6 {[%clk 0:07:34]} fxg6
{[%clk 0:07:18]} 23. Ra5 {[%clk 0:07:41]} Be7 {[%clk 0:07:03]} 24. Rxa7
{[%clk 0:07:44]} Kb8 {[%clk 0:07:05]} 25. Ra5 {[%clk 0:07:14]} h5
{[%clk 0:05:27]} 26. c5 {[%clk 0:06:46]} Rhd8 {[%clk 0:03:56]} 27. Ke1
{[%clk 0:06:43]} Rd5 {[%clk 0:03:40]} 28. Rb4 {[%clk 0:06:20]} Rxc5
{[%clk 0:03:32]} 29. Rxc5 {[%clk 0:06:08]} Bxc5 {[%clk 0:03:41]} 30. Rxe4
{[%clk 0:05:58]} Re8 {[%clk 0:03:00]} 31. Bh2 {[%clk 0:05:29]} b5
{[%clk 0:01:49]} 32. Rf4 {[%clk 0:05:10]} Be7 {[%clk 0:01:58]} 33. Bd3
{[%clk 0:04:50]} Rg8 {[%clk 0:02:00]} 34. Bc2 {[%clk 0:03:34]} Kb7
{[%clk 0:01:57]} 35. Rd4 {[%clk 0:03:40]} Kb6 {[%clk 0:01:51]} 36. Rd1
{[%clk 0:03:10]} h4 {[%clk 0:01:19]} 37. f4 {[%clk 0:03:14]} Bg4 {[%clk 0:01:01]}
38. Ra1 {[%clk 0:03:08]} Bc5 {[%clk 0:01:04]} 39. Bg1 {[%clk 0:03:04]} Bf5
{[%clk 0:00:55]} 40. Ra2 {[%clk 0:02:35]} Rf8 {[%clk 0:00:28]} 41. Bxf5
{[%clk 0:00:54]} Rxf5 {[%clk 0:00:28]} 42. Bh2 {[%clk 0:01:03]} Bxe3
{[%clk 0:00:27]} 43. Re2 {[%clk 0:00:53]} Bc5 {[%clk 0:00:36]} 44. Kd2
{[%clk 0:00:47]} Kc7 {[%clk 0:00:38]} 45. Kd3 {[%clk 0:00:56]} Rf8
{[%clk 0:00:30]} 46. Ke4 {[%clk 0:01:05]} Ra8 {[%clk 0:00:37]} 47. e6
{[%clk 0:00:55]} Bd6 {[%clk 0:00:33]} 48. Kf3 {[%clk 0:00:58]} Kd8
{[%clk 0:00:16]} 49. Kg4 {[%clk 0:01:05]} Ke7 {[%clk 0:00:25]} 50. Kg5
{[%clk 0:01:06]} Rf8 {[%clk 0:00:20]} 51. Kxh4 {[%clk 0:00:21]} Rh8+
{[%clk 0:00:15]} 52. Kg3 {[%clk 0:00:29]} g5 {[%clk 0:00:24]} 53. Bg1
{[%clk 0:00:30]} gxf4+ {[%clk 0:00:30]} 54. Kf3 {[%clk 0:00:29]} Rh6
{[%clk 0:00:35]} 55. Re4 {[%clk 0:00:21]} Rxe6 {[%clk 0:00:42]} 56. Bh2
{[%clk 0:00:30]} Be5 {[%clk 0:00:26]} 57. c4 {[%clk 0:00:19]} b4 {[%clk 0:00:33]}
58. c5 {[%clk 0:00:23]} Bc3 {[%clk 0:00:23]} 59. Rc4 {[%clk 0:00:20]} Re1
{[%clk 0:00:17]} 60. Bxf4 {[%clk 0:00:27]} Ke6 {[%clk 0:00:27]} 61. Re4+
{[%clk 0:00:18]} Rxe4 {[%clk 0:00:28]} 62. Kxe4 {[%clk 0:00:27]} b3
{[%clk 0:00:35]} 63. Kd3 {[%clk 0:00:36]} Bg7 {[%clk 0:00:32]} 64. g4
{[%clk 0:00:35]} Kd5 {[%clk 0:00:41]} 65. Bd6 {[%clk 0:00:41]} Bf6
{[%clk 0:00:44]} 66. Bf8 {[%clk 0:00:41]} Ke6 {[%clk 0:00:30]} 67. Bh6
{[%clk 0:00:39]} Bh8 {[%clk 0:00:21]} 68. Bd2 {[%clk 0:00:43]} b2
{[%clk 0:00:26]} 69. Kc2 {[%clk 0:00:52]} Kd5 {[%clk 0:00:35]} 70. Bb4
{[%clk 0:00:55]} 1/2-1/2

[Event "Russian Championship (Rapid, Men)"]
[Site "Sochi"]
[Date "2018.10.06"]
[Round "10.22"]
[White "Kryakvin, Dmitry"]
[Black "Yashmetov, Mikhail"]
[Result "1/2-1/2"]
[BlackElo "2370"]
[WhiteElo "2559"]
[LiveChessVersion "1.4.8"]

1. d4 {[%clk 0:15:14]} Nf6 {[%clk 0:15:17]} 2. Bg5 {[%clk 0:15:22]} c5
{[%clk 0:15:04]} 3. Bxf6 {[%clk 0:15:25]} exf6 {[%clk 0:15:13]} 4. c3
{[%clk 0:15:29]} cxd4 {[%clk 0:15:15]} 5. cxd4 {[%clk 0:15:12]} Qb6
{[%clk 0:15:01]} 6. Qd2 {[%clk 0:15:05]} Bb4 {[%clk 0:15:00]} 7. Nc3
{[%clk 0:15:14]} O-O {[%clk 0:15:06]} 8. e3 {[%clk 0:15:21]} Re8 {[%clk 0:15:04]}
9. Nge2 {[%clk 0:15:14]} Nc6 {[%clk 0:14:55]} 10. g3 {[%clk 0:14:39]} d6
{[%clk 0:14:55]} 11. Bg2 {[%clk 0:14:21]} Bg4 {[%clk 0:14:59]} 12. f3
{[%clk 0:13:59]} Be6 {[%clk 0:14:36]} 13. O-O {[%clk 0:13:17]} Bc4
{[%clk 0:13:35]} 14. Rfe1 {[%clk 0:13:21]} Na5 {[%clk 0:13:43]} 15. Nf4
{[%clk 0:12:59]} Rac8 {[%clk 0:13:10]} 16. Qf2 {[%clk 0:12:50]} Bxc3
{[%clk 0:12:37]} 17. bxc3 {[%clk 0:12:58]} Be6 {[%clk 0:12:35]} 18. Rec1
{[%clk 0:11:59]} g6 {[%clk 0:11:27]} 19. e4 {[%clk 0:11:39]} Nc4 {[%clk 0:10:47]}
20. Bf1 {[%clk 0:11:32]} Qa5 {[%clk 0:10:47]} 21. Rab1 {[%clk 0:10:15]} Rc7
{[%clk 0:10:37]} 22. Nxe6 Rxe6 {[%clk 0:09:26]} 23. Bxc4 {[%clk 0:09:27]} Rxc4
{[%clk 0:09:35]} 24. Rxb7 {[%clk 0:09:20]} Rxc3 {[%clk 0:09:13]} 25. Rxc3
{[%clk 0:08:08]} Qxc3 {[%clk 0:09:21]} 26. Kg2 {[%clk 0:07:20]} Re8
{[%clk 0:07:01]} 27. Qb2 {[%clk 0:06:44]} Qa5 {[%clk 0:05:30]} 28. Rb8
{[%clk 0:04:41]} Rxb8 {[%clk 0:05:38]} 29. Qxb8+ {[%clk 0:04:49]} Kg7
{[%clk 0:05:48]} 30. Qb2 {[%clk 0:04:58]} Qe1 {[%clk 0:05:44]} 31. g4
{[%clk 0:04:56]} g5 {[%clk 0:05:35]} 32. Qf2 {[%clk 0:04:46]} Qd1
{[%clk 0:05:28]} 33. d5 {[%clk 0:04:09]} a5 {[%clk 0:05:20]} 34. Qb6
{[%clk 0:04:13]} Qe2+ {[%clk 0:05:24]} 35. Qf2 {[%clk 0:04:19]} Qd1
{[%clk 0:05:32]} 36. Qb6 {[%clk 0:04:28]} Qe2+ 1/2-1/2

[Event "Russian Championship (Rapid, Men)"]
[Site "Sochi"]
[Date "2018.10.06"]
[Round "10.24"]
[White "Malakhov, Igor"]
[Black "Panarin, Mikhail"]
[Result "1-0"]
[BlackElo "2541"]
[WhiteElo "2387"]
[LiveChessVersion "1.4.8"]

1. e4 {[%clk 0:15:17]} c5 {[%clk 0:15:19]} 2. Nf3 {[%clk 0:15:26]} e6
{[%clk 0:15:27]} 3. d4 {[%clk 0:15:35]} cxd4 {[%clk 0:15:36]} 4. Nxd4
{[%clk 0:15:43]} Nc6 {[%clk 0:15:45]} 5. Nc3 {[%clk 0:15:51]} Qc7
{[%clk 0:15:53]} 6. Nxc6 {[%clk 0:15:36]} Qxc6 {[%clk 0:15:53]} 7. Bd3
{[%clk 0:15:31]} a6 {[%clk 0:16:01]} 8. O-O {[%clk 0:15:38]} b5 {[%clk 0:16:04]}
9. e5 {[%clk 0:15:19]} Bb7 {[%clk 0:16:13]} 10. Be4 {[%clk 0:15:28]} Qc7
{[%clk 0:16:21]} 11. Qf3 {[%clk 0:15:15]} Rb8 {[%clk 0:13:59]} 12. Bxb7
{[%clk 0:14:23]} Rxb7 {[%clk 0:13:51]} 13. Bf4 {[%clk 0:14:29]} Ne7
{[%clk 0:13:57]} 14. h4 {[%clk 0:13:21]} h5 {[%clk 0:10:58]} 15. Ne4
{[%clk 0:12:41]} Nf5 {[%clk 0:11:05]} 16. g3 {[%clk 0:12:38]} Nd4
{[%clk 0:10:13]} 17. Qd1 {[%clk 0:11:45]} Nc6 {[%clk 0:10:06]} 18. Nd6+
{[%clk 0:10:28]} Bxd6 {[%clk 0:10:14]} 19. exd6 {[%clk 0:10:37]} Qd8
{[%clk 0:10:16]} 20. Bg5 {[%clk 0:10:19]} f6 {[%clk 0:10:25]} 21. Be3
{[%clk 0:10:28]} Kf7 {[%clk 0:10:33]} 22. c3 {[%clk 0:10:30]} Qg8
{[%clk 0:10:35]} 23. b4 {[%clk 0:10:29]} Qh7 {[%clk 0:10:36]} 24. a4
{[%clk 0:10:37]} Rc8 {[%clk 0:10:22]} 25. axb5 {[%clk 0:10:41]} axb5
{[%clk 0:10:31]} 26. Qf3 {[%clk 0:10:33]} Qf5 {[%clk 0:08:12]} 27. Qxf5
{[%clk 0:10:42]} exf5 {[%clk 0:08:21]} 28. f4 {[%clk 0:10:51]} Nd8
{[%clk 0:08:23]} 29. Ra3 {[%clk 0:10:51]} Rc4 {[%clk 0:07:12]} 30. Rd1
{[%clk 0:10:56]} Rb8 {[%clk 0:06:13]} 31. Kf2 {[%clk 0:10:35]} Rbc8
{[%clk 0:05:30]} 32. Rd3 {[%clk 0:10:37]} Ke6 {[%clk 0:05:11]} 33. Bd4
{[%clk 0:09:49]} Nb7 {[%clk 0:03:17]} 34. Re3+ {[%clk 0:09:48]} Kxd6
{[%clk 0:03:25]} 35. Ra7 {[%clk 0:09:53]} Kc7 {[%clk 0:02:42]} 36. Re7
{[%clk 0:09:59]} Rg8 {[%clk 0:02:47]} 37. Ke2 {[%clk 0:08:37]} Rc6
{[%clk 0:02:42]} 38. Kd3 {[%clk 0:08:35]} Kd8 {[%clk 0:02:05]} 39. Rxd7+
{[%clk 0:08:05]} Kxd7 {[%clk 0:02:07]} 40. Rxb7+ {[%clk 0:08:14]} Ke6
{[%clk 0:01:41]} 41. Rxb5 {[%clk 0:08:23]} Ra8 {[%clk 0:01:51]} 42. Rb7
{[%clk 0:08:28]} g6 {[%clk 0:01:40]} 43. Rg7 {[%clk 0:08:01]} Ra2
{[%clk 0:01:49]} 44. Bc5 {[%clk 0:08:10]} Rxc5 {[%clk 0:00:52]} 45. bxc5
{[%clk 0:08:19]} Rg2 {[%clk 0:01:01]} 46. c6 {[%clk 0:08:17]} Kd5 47. Ke4+ 1-0

[Event "Russian Championship (Rapid, Men)"]
[Site "Sochi"]
[Date "2018.10.06"]
[Round "10.28"]
[White "Drygalov, Sergey"]
[Black "Jary, Sergey"]
[Result "1/2-1/2"]
[BlackElo "2353"]
[WhiteElo "2467"]
[LiveChessVersion "1.4.8"]

1. d4 {[%clk 0:15:18]} Nf6 {[%clk 0:15:18]} 2. c4 {[%clk 0:15:27]} e6
{[%clk 0:15:27]} 3. Nf3 {[%clk 0:15:33]} Bb4+ {[%clk 0:15:27]} 4. Nbd2
{[%clk 0:15:41]} d5 {[%clk 0:15:30]} 5. e3 {[%clk 0:15:10]} O-O {[%clk 0:15:34]}
6. a3 {[%clk 0:15:04]} Be7 {[%clk 0:15:30]} 7. Bd3 {[%clk 0:14:33]} b6
{[%clk 0:15:24]} 8. O-O {[%clk 0:14:27]} Bb7 {[%clk 0:15:31]} 9. cxd5
{[%clk 0:14:03]} exd5 {[%clk 0:15:32]} 10. b3 {[%clk 0:14:10]} Ne4
{[%clk 0:15:10]} 11. Qc2 {[%clk 0:13:07]} f5 {[%clk 0:15:07]} 12. Ne5
{[%clk 0:12:57]} Bd6 {[%clk 0:15:09]} 13. f3 {[%clk 0:12:37]} Nxd2
{[%clk 0:14:55]} 14. Bxd2 {[%clk 0:12:46]} Nd7 {[%clk 0:14:21]} 15. f4
{[%clk 0:12:36]} g6 {[%clk 0:14:10]} 16. b4 {[%clk 0:11:54]} a6 {[%clk 0:13:56]}
17. a4 {[%clk 0:11:28]} Nf6 {[%clk 0:13:28]} 18. b5 {[%clk 0:09:04]} Qe7
{[%clk 0:12:53]} 19. a5 {[%clk 0:05:54]} bxa5 {[%clk 0:12:43]} 20. Bxa5
{[%clk 0:06:02]} axb5 {[%clk 0:12:44]} 21. Bxb5 {[%clk 0:06:08]} Ba6
{[%clk 0:12:25]} 22. Bxa6 {[%clk 0:05:49]} Rxa6 {[%clk 0:12:34]} 23. Bc3
{[%clk 0:05:14]} Rfa8 {[%clk 0:12:33]} 24. Rxa6 {[%clk 0:04:47]} Rxa6
{[%clk 0:12:42]} 25. Qb3 {[%clk 0:04:55]} Qe8 {[%clk 0:12:33]} 26. Ra1
{[%clk 0:02:45]} Rxa1+ {[%clk 0:12:37]} 27. Bxa1 Qa8 28. Bb2 {[%clk 0:02:40]} Kg7
{[%clk 0:12:37]} 29. h3 {[%clk 0:02:27]} Ne4 {[%clk 0:12:21]} 30. Qb5
{[%clk 0:02:28]} Nf6 {[%clk 0:12:25]} 31. Qb3 {[%clk 0:02:08]} Ne4
{[%clk 0:12:31]} 32. Qb5 {[%clk 0:01:10]} Nf6 {[%clk 0:12:40]} 33. Qb3
{[%clk 0:00:40]} Ne4 {[%clk 0:12:48]} 34. Nf3 {[%clk 0:00:37]} Qc6
{[%clk 0:12:19]} 35. Ne5 {[%clk 0:00:36]} Qa8 {[%clk 0:12:26]} 36. Nf3
{[%clk 0:00:44]} Qc6 {[%clk 0:12:35]} 37. Ne5 {[%clk 0:00:30]} Qa8
{[%clk 0:12:43]} 38. Nf3 1/2-1/2

[Event "Russian Championship (Rapid, Men)"]
[Site "Sochi"]
[Date "2018.10.06"]
[Round "10.30"]
[White "Kezin, Roman"]
[Black "Sadovsky, Artem"]
[Result "1-0"]
[BlackElo "2333"]
[WhiteElo "2462"]
[LiveChessVersion "1.4.8"]

1. d4 {[%clk 0:15:19]} d5 {[%clk 0:15:15]} 2. c4 {[%clk 0:15:28]} c6
{[%clk 0:15:24]} 3. Nc3 {[%clk 0:15:37]} Nf6 {[%clk 0:15:33]} 4. e3
{[%clk 0:15:45]} g6 {[%clk 0:15:37]} 5. Nf3 {[%clk 0:15:53]} Bg7 {[%clk 0:15:46]}
6. Bd3 {[%clk 0:16:01]} O-O {[%clk 0:15:47]} 7. h3 {[%clk 0:16:11]} c5
{[%clk 0:15:26]} 8. O-O {[%clk 0:16:19]} cxd4 {[%clk 0:15:13]} 9. exd4
{[%clk 0:16:27]} dxc4 {[%clk 0:14:54]} 10. Bxc4 {[%clk 0:16:35]} Nbd7
{[%clk 0:14:30]} 11. Re1 {[%clk 0:16:35]} Nb6 {[%clk 0:14:26]} 12. Bb3
{[%clk 0:16:42]} e6 {[%clk 0:13:43]} 13. Bg5 {[%clk 0:16:06]} h6 {[%clk 0:12:55]}
14. Bh4 {[%clk 0:15:29]} Bd7 {[%clk 0:12:01]} 15. Ne5 {[%clk 0:15:37]} Bc6
{[%clk 0:11:40]} 16. Nxc6 {[%clk 0:14:54]} bxc6 {[%clk 0:11:47]} 17. Rc1
{[%clk 0:15:02]} Rc8 {[%clk 0:11:00]} 18. Bg3 {[%clk 0:14:25]} Re8
{[%clk 0:09:20]} 19. Be5 {[%clk 0:09:38]} Nbd7 {[%clk 0:09:22]} 20. Bg3
{[%clk 0:07:46]} Qa5 {[%clk 0:09:16]} 21. Qf3 {[%clk 0:07:38]} c5
{[%clk 0:06:08]} 22. d5 {[%clk 0:07:47]} e5 {[%clk 0:06:04]} 23. Ba4
{[%clk 0:06:55]} e4 {[%clk 0:05:39]} 24. Qd1 {[%clk 0:06:30]} Red8
{[%clk 0:05:24]} 25. d6 {[%clk 0:04:17]} Qb4 {[%clk 0:04:16]} 26. Bxd7
{[%clk 0:03:07]} Rxd7 {[%clk 0:04:24]} 27. Be5 {[%clk 0:03:16]} Re8
{[%clk 0:04:13]} 28. Bxf6 {[%clk 0:00:46]} Bxf6 {[%clk 0:04:22]} 29. Qg4
{[%clk 0:00:55]} Rxd6 {[%clk 0:00:58]} 30. Nxe4 {[%clk 0:01:03]} Kg7
{[%clk 0:00:47]} 31. a3 {[%clk 0:01:12]} Qa5 {[%clk 0:00:26]} 32. b4
{[%clk 0:01:09]} cxb4 {[%clk 0:00:27]} 33. Nxd6 {[%clk 0:01:12]} Rxe1+
{[%clk 0:00:35]} 34. Rxe1 {[%clk 0:01:20]} bxa3 {[%clk 0:00:43]} 35. Ne8+
{[%clk 0:00:20]} Kf8 {[%clk 0:00:33]} 36. Qe4 {[%clk 0:00:23]} Bd4
{[%clk 0:00:17]} 37. Nd6 {[%clk 0:00:24]} Qxe1+ 38. Qxe1 1-0

[Event "Russian Championship (Rapid, Men)"]
[Site "Sochi"]
[Date "2018.10.06"]
[Round "10.31"]
[White "Kirillov, Dmitry"]
[Black "Pogromsky, Mikhail"]
[Result "1/2-1/2"]
[BlackElo "2462"]
[WhiteElo "2080"]
[LiveChessVersion "1.4.8"]

1. e4 {[%clk 0:15:18]} Nf6 {[%clk 0:14:30]} 2. e5 {[%clk 0:15:27]} Nd5
{[%clk 0:14:39]} 3. d4 {[%clk 0:15:37]} d6 {[%clk 0:14:48]} 4. c4
{[%clk 0:15:38]} Nb6 {[%clk 0:14:57]} 5. Nf3 {[%clk 0:15:47]} Bg4
{[%clk 0:14:43]} 6. exd6 {[%clk 0:15:07]} exd6 {[%clk 0:14:51]} 7. Be2
{[%clk 0:15:14]} Be7 {[%clk 0:14:59]} 8. h3 {[%clk 0:15:21]} Bh5 {[%clk 0:15:07]}
9. O-O {[%clk 0:15:24]} O-O {[%clk 0:15:14]} 10. Nc3 {[%clk 0:15:29]} Nc6
{[%clk 0:15:23]} 11. b3 {[%clk 0:15:29]} Bf6 {[%clk 0:15:30]} 12. Be3
{[%clk 0:15:38]} Re8 {[%clk 0:15:38]} 13. Qd2 {[%clk 0:15:17]} d5
{[%clk 0:15:44]} 14. c5 {[%clk 0:15:11]} Nc8 {[%clk 0:15:53]} 15. b4
{[%clk 0:14:57]} a6 {[%clk 0:16:00]} 16. Rab1 {[%clk 0:15:06]} h6
{[%clk 0:15:36]} 17. a4 {[%clk 0:15:13]} a5 {[%clk 0:15:42]} 18. b5
{[%clk 0:13:21]} Nb4 {[%clk 0:15:50]} 19. Na2 {[%clk 0:12:12]} Nxa2
{[%clk 0:14:56]} 20. Qxa2 {[%clk 0:12:21]} Ne7 {[%clk 0:15:00]} 21. Qc2
{[%clk 0:10:32]} Bg6 {[%clk 0:12:54]} 22. Bd3 {[%clk 0:10:39]} Qd7
{[%clk 0:11:53]} 23. c6 {[%clk 0:08:56]} bxc6 {[%clk 0:10:00]} 24. bxc6
{[%clk 0:09:05]} Qd6 {[%clk 0:09:24]} 25. Bxg6 {[%clk 0:08:55]} fxg6
{[%clk 0:09:20]} 26. Rb5 {[%clk 0:06:44]} Ra6 {[%clk 0:07:42]} 27. Qc5
{[%clk 0:03:37]} Qxc5 {[%clk 0:04:24]} 28. Rxc5 {[%clk 0:03:45]} Rb8
{[%clk 0:04:16]} 29. Bf4 {[%clk 0:01:57]} Rb4 {[%clk 0:03:24]} 30. Rfc1
{[%clk 0:01:21]} Ra7 {[%clk 0:03:03]} 31. Ra1 {[%clk 0:00:44]} Bxd4
{[%clk 0:01:36]} 32. Nxd4 {[%clk 0:00:38]} Rxd4 {[%clk 0:01:44]} 33. Be3
{[%clk 0:00:30]} Re4 {[%clk 0:01:48]} 34. Rb1 {[%clk 0:00:18]} Ra6
{[%clk 0:01:24]} 35. Rb7 {[%clk 0:00:17]} Rxc6 {[%clk 0:00:51]} 36. Rxc6
{[%clk 0:00:25]} Nxc6 {[%clk 0:01:00]} 37. Rxc7 {[%clk 0:00:34]} Rc4
{[%clk 0:00:54]} 38. Bb6 {[%clk 0:00:43]} g5 {[%clk 0:00:35]} 39. Kh2
{[%clk 0:00:34]} d4 {[%clk 0:00:33]} 40. Bxd4 {[%clk 0:00:43]} Rxd4
{[%clk 0:00:42]} 41. Rxc6 {[%clk 0:00:52]} Rxa4 {[%clk 0:00:51]} 42. Rc7
{[%clk 0:00:56]} g4 {[%clk 0:00:52]} 43. Ra7 {[%clk 0:00:53]} gxh3
{[%clk 0:01:00]} 44. Kxh3 {[%clk 0:01:01]} Kh7 {[%clk 0:01:07]} 45. Ra6
{[%clk 0:01:08]} Ra2 {[%clk 0:01:15]} 46. f4 {[%clk 0:01:08]} a4 {[%clk 0:01:09]}
47. g3 {[%clk 0:01:01]} a3 {[%clk 0:01:13]} 48. Kg4 {[%clk 0:01:03]} Ra1
{[%clk 0:01:12]} 49. Kh3 {[%clk 0:01:09]} a2 {[%clk 0:01:01]} 50. Kg2
{[%clk 0:01:16]} Kg8 {[%clk 0:01:01]} 51. Ra7 {[%clk 0:01:25]} Kf8
{[%clk 0:01:10]} 52. Kh2 {[%clk 0:01:29]} h5 {[%clk 0:01:03]} 53. Kg2
{[%clk 0:01:33]} g6 {[%clk 0:01:12]} 54. Kh2 {[%clk 0:01:41]} Ke8
{[%clk 0:01:21]} 55. Kg2 {[%clk 0:01:50]} Kd8 56. Kh2 Kc8 {[%clk 0:01:40]} 57.
Kg2 {[%clk 0:02:09]} Kb8 {[%clk 0:01:49]} 58. Ra4 {[%clk 0:02:15]} Kb7
{[%clk 0:01:57]} 59. Kh2 {[%clk 0:02:24]} Kb6 {[%clk 0:02:03]} 60. Ra8
{[%clk 0:02:32]} Kc5 {[%clk 0:02:11]} 61. Kg2 {[%clk 0:02:38]} Kc4
{[%clk 0:02:18]} 62. Kh2 {[%clk 0:02:45]} Kd3 {[%clk 0:02:23]} 63. Kg2
{[%clk 0:02:35]} Ke4 {[%clk 0:02:14]} 64. Ra4+ {[%clk 0:02:40]} Ke3
{[%clk 0:01:52]} 65. Ra3+ {[%clk 0:02:47]} Kd4 {[%clk 0:01:22]} 66. Ra4+
{[%clk 0:02:55]} Kc5 {[%clk 0:01:29]} 67. Ra5+ {[%clk 0:03:01]} Kb4
{[%clk 0:01:37]} 68. Ra8 {[%clk 0:03:09]} Kb3 {[%clk 0:01:46]} 69. Rb8+
{[%clk 0:03:18]} Kc2 {[%clk 0:01:54]} 70. Rc8+ {[%clk 0:03:27]} Kd3
{[%clk 0:02:03]} 71. Rd8+ {[%clk 0:03:36]} Ke4 {[%clk 0:02:09]} 72. Ra8
{[%clk 0:03:41]} Kf5 {[%clk 0:01:56]} 73. Ra5+ {[%clk 0:03:49]} Kf6
{[%clk 0:02:05]} 74. Ra6+ {[%clk 0:03:58]} Kg7 {[%clk 0:02:13]} 75. Ra7+
{[%clk 0:04:06]} Kh6 {[%clk 0:02:22]} 76. Ra8 {[%clk 0:04:14]} h4
{[%clk 0:01:47]} 77. gxh4 {[%clk 0:04:16]} Kh5 {[%clk 0:01:56]} 78. Ra7
{[%clk 0:04:17]} Kxh4 {[%clk 0:02:03]} 79. Ra8 {[%clk 0:04:25]} Kg4
{[%clk 0:02:11]} 80. Ra7 {[%clk 0:04:34]} Kxf4 {[%clk 0:02:19]} 81. Ra8
{[%clk 0:04:39]} g5 {[%clk 0:02:13]} 82. Rf8+ {[%clk 0:04:45]} Ke3
{[%clk 0:02:19]} 83. Re8+ {[%clk 0:04:54]} Kd3 {[%clk 0:02:28]} 84. Rd8+
{[%clk 0:05:03]} Ke4 {[%clk 0:02:34]} 85. Re8+ {[%clk 0:05:12]} Kf5
{[%clk 0:02:43]} 86. Rf8+ {[%clk 0:05:21]} Kg6 {[%clk 0:02:52]} 87. Rg8+
{[%clk 0:05:30]} Kf7 {[%clk 0:03:00]} 88. Ra8 {[%clk 0:05:39]} g4
{[%clk 0:03:10]} 89. Ra7+ {[%clk 0:05:48]} Ke6 {[%clk 0:03:18]} 90. Ra6+
{[%clk 0:05:57]} Kd5 {[%clk 0:03:28]} 91. Ra5+ {[%clk 0:06:07]} Kc6
{[%clk 0:03:36]} 92. Ra6+ {[%clk 0:06:09]} Kb7 {[%clk 0:03:45]} 93. Ra3
{[%clk 0:06:18]} g3 {[%clk 0:03:53]} 94. Ra4 {[%clk 0:06:27]} Kb6
{[%clk 0:04:01]} 95. Ra8 {[%clk 0:06:36]} Kc5 {[%clk 0:04:10]} 96. Rc8+
{[%clk 0:06:45]} Kb4 {[%clk 0:04:19]} 97. Rb8+ {[%clk 0:06:54]} Kc3
{[%clk 0:04:28]} 98. Rc8+ {[%clk 0:07:04]} Kd4 {[%clk 0:04:35]} 99. Rd8+
{[%clk 0:07:13]} Ke5 {[%clk 0:04:45]} 100. Re8+ {[%clk 0:07:22]} Kf6
{[%clk 0:04:54]} 101. Rf8+ {[%clk 0:07:31]} Kg7 {[%clk 0:05:03]} 102. Ra8
{[%clk 0:07:40]} Kh7 {[%clk 0:04:57]} 103. Ra7+ {[%clk 0:07:49]} Kh6
{[%clk 0:05:06]} 1/2-1/2

[Event "Russian Championship (Rapid, Men)"]
[Site "Sochi"]
[Date "2018.10.06"]
[Round "10.32"]
[White "Dzhumagaliev, Yan"]
[Black "Derjabin, Ilja"]
[Result "1-0"]
[BlackElo "2305"]
[WhiteElo "2454"]
[LiveChessVersion "1.4.8"]

1. d4 {[%clk 0:15:18]} Nf6 {[%clk 0:15:16]} 2. Nf3 {[%clk 0:15:24]} d6
{[%clk 0:15:23]} 3. g3 {[%clk 0:15:21]} Nbd7 {[%clk 0:14:40]} 4. Bg2
{[%clk 0:15:29]} e5 {[%clk 0:14:48]} 5. O-O {[%clk 0:15:31]} Be7 {[%clk 0:14:50]}
6. a4 {[%clk 0:15:23]} O-O {[%clk 0:14:53]} 7. a5 {[%clk 0:15:32]} c6
{[%clk 0:14:56]} 8. Nc3 {[%clk 0:15:11]} e4 {[%clk 0:14:55]} 9. Nd2
{[%clk 0:13:46]} d5 {[%clk 0:15:02]} 10. Nb3 {[%clk 0:13:23]} Re8
{[%clk 0:14:59]} 11. f3 {[%clk 0:12:07]} exf3 {[%clk 0:14:50]} 12. exf3
{[%clk 0:12:15]} h6 {[%clk 0:14:19]} 13. Be3 {[%clk 0:12:14]} Nf8
{[%clk 0:14:12]} 14. Qd3 {[%clk 0:11:54]} Bd6 {[%clk 0:13:43]} 15. Rfe1
{[%clk 0:11:59]} Be6 {[%clk 0:12:55]} 16. Nc5 {[%clk 0:11:53]} Bxc5
{[%clk 0:12:43]} 17. dxc5 {[%clk 0:12:01]} Ng6 {[%clk 0:12:51]} 18. Bd4
{[%clk 0:11:53]} Qd7 {[%clk 0:12:59]} 19. Ne2 {[%clk 0:06:32]} Bf5
{[%clk 0:12:59]} 20. Qc3 {[%clk 0:06:41]} Qd8 {[%clk 0:11:30]} 21. a6
{[%clk 0:06:21]} bxa6 {[%clk 0:11:29]} 22. Bxf6 {[%clk 0:05:59]} Qxf6
{[%clk 0:11:24]} 23. Qxf6 {[%clk 0:06:07]} gxf6 {[%clk 0:11:32]} 24. Nd4
{[%clk 0:06:16]} Rxe1+ {[%clk 0:11:15]} 25. Rxe1 {[%clk 0:06:24]} Bd7
{[%clk 0:11:24]} 26. Ra1 {[%clk 0:06:21]} Nf8 {[%clk 0:10:30]} 27. Rxa6
{[%clk 0:05:08]} Ne6 {[%clk 0:10:38]} 28. Nb3 {[%clk 0:05:11]} Kf8
{[%clk 0:07:07]} 29. Bf1 {[%clk 0:04:40]} Ke8 {[%clk 0:07:06]} 30. Ra4
{[%clk 0:04:01]} Ke7 {[%clk 0:07:14]} 31. Rh4 {[%clk 0:03:51]} Rh8
{[%clk 0:07:20]} 32. Rb4 {[%clk 0:03:36]} Ra8 {[%clk 0:07:00]} 33. Ba6
{[%clk 0:03:32]} Bc8 {[%clk 0:06:49]} 34. Bd3 {[%clk 0:03:37]} Kd7
{[%clk 0:05:51]} 35. Rh4 {[%clk 0:02:42]} a5 {[%clk 0:06:00]} 36. Ra4
{[%clk 0:02:51]} Kc7 {[%clk 0:06:09]} 37. Kf2 {[%clk 0:02:57]} Bd7
{[%clk 0:05:52]} 38. f4 {[%clk 0:02:58]} Bc8 {[%clk 0:03:41]} 39. f5
{[%clk 0:02:26]} Nf8 {[%clk 0:03:15]} 40. Rxa5 {[%clk 0:02:17]} Rxa5
{[%clk 0:02:54]} 41. Nxa5 {[%clk 0:02:26]} Nd7 {[%clk 0:03:04]} 42. Nb3
{[%clk 0:02:35]} Ne5 {[%clk 0:03:10]} 43. Nd4 {[%clk 0:02:43]} Nd7
{[%clk 0:03:09]} 44. b4 {[%clk 0:02:51]} Ne5 {[%clk 0:03:18]} 45. h3
{[%clk 0:02:57]} Bd7 {[%clk 0:02:12]} 46. Ke3 {[%clk 0:02:57]} Kd8
{[%clk 0:02:07]} 47. Be2 {[%clk 0:02:30]} Ke7 {[%clk 0:02:14]} 48. Kf4
{[%clk 0:02:20]} Be8 {[%clk 0:02:21]} 49. Ba6 {[%clk 0:02:16]} Bd7
{[%clk 0:02:26]} 50. Bf1 {[%clk 0:02:08]} Be8 {[%clk 0:02:34]} 51. Be2
{[%clk 0:02:16]} Bd7 {[%clk 0:02:43]} 52. Nf3 {[%clk 0:02:23]} Nxf3
{[%clk 0:02:22]} 53. Bxf3 {[%clk 0:02:31]} Be8 {[%clk 0:02:09]} 54. Be2
{[%clk 0:02:33]} Bd7 {[%clk 0:02:13]} 55. Bd3 {[%clk 0:02:33]} Be8
{[%clk 0:02:22]} 56. Ke3 {[%clk 0:02:26]} Bd7 {[%clk 0:02:30]} 57. Kd4
{[%clk 0:02:32]} Be8 {[%clk 0:02:33]} 58. b5 {[%clk 0:02:36]} cxb5
{[%clk 0:02:39]} 59. Kxd5 {[%clk 0:02:44]} Bd7 {[%clk 0:02:09]} 60. c3
{[%clk 0:02:29]} Bc8 {[%clk 0:01:29]} 61. c6 {[%clk 0:02:07]} Ba6
{[%clk 0:01:26]} 62. Kc5 {[%clk 0:02:09]} Bc8 {[%clk 0:01:34]} 63. g4
{[%clk 0:02:12]} 1-0